Szczegóły MARC21

Bankowość centralna w teorii i praktyce /

003 -Nazwa inst., której nr kontr. jest w polu 001 [,]
    • @
    • Nazwa instytucji, której n kontrolny jest w polu 001
    • NUKAT
005 -DATA I CZAS OSTATNIEJ MODYFIKACJI [,]
    • @
    • pole kontrolne
    • 20241231103749.0
020 -Międzynarod. znormalizowany nr książki - ISBN [ , ]
    • a
    • Numer ISBN
    • 8387885118 Find
    • q
    • Dopowiedzenie
    • opr. miękka
020 -Międzynarod. znormalizowany nr książki - ISBN [ , ]
    • a
    • Numer ISBN
    • 8387885126 Find
    • q
    • Dopowiedzenie
    • opr. twarda
040 -Instytucja sporządzająca opis [ , ]
    • a
    • Instytucja, która sporządziła opis (NP)
    • LUBL U/PA
    • c
    • Instytucja, która sporządziła rekord (NP)
    • LUBL U/PA
    • d
    • Instytucja, która zmodyfikowała rekord (P)
    • LUBL U/bg
    • d
    • Instytucja, która zmodyfikowała rekord (P)
    • LUBL U/WGs
    • d
    • Instytucja, która zmodyfikowała rekord (P)
    • WR U/dl
    • d
    • Instytucja, która zmodyfikowała rekord (P)
    • WA LAZ/AZ
041 -Język dokumentu [1, ]
    • a
    • Język tekstu (P)
    • polski
    • h
    • Język tekstu oryginalnego i/lub pośredniego (P)
    • angielski
942 -Rodzaj dokumentu [ , ]
    • c
    • Rodzaj dokumentu
    • Książka
100 -Hasło główne - nazwa osobowa [1, ]
    • a
    • Nazwa osobowa (NP)
    • Blinder, Alan S.
    • d
    • Daty biograficzne (NP)
    • (1945- ).
    • 9
    • KHW
    • 91103
240 -Tytuł ujednolicony [1,0]
    • a
    • Tytuł ujednolicony
    • Central banking in theory and practice
    • l
    • Język tekstu
    • (pol.)
    • 9
    • KHW
    • 91107
245 -Strefa tytułu i oznaczenia odpowiedzialności [1,0]
    • a
    • Tytuł
    • Bankowość centralna w teorii i praktyce / Find
    • c
    • Pozostałe elementy strefy tytułu i oznaczenia odpowiedzialności (NP)
    • Alan S. Blinder ; [tł. Maciej Błachnio, Michał Rusiński].
260 -Strefa adresu wydawniczego [ , ]
    • a
    • Miejsce wydania (P)
    • Warszawa :
    • b
    • Nazwa wydawcy (P)
    • CeDeWu,
    • c
    • Data wydania (P)
    • 2001.
300 -Strefa opisu fizycznego [ , ]
    • a
    • Określenie formy książki i/lub objętość (NP)
    • 108 s. :
    • b
    • Oznaczenie ilustracji (NP)
    • il. ;
    • c
    • Format (NP)
    • 20 cm.
336 -Typ zawartości [ , ]
    • a
    • Termin opisujący typ zawartości
    • Tekst
    • b
    • Kod określający zawartość
    • txt
    • 2
    • Źródło (terminu i kodu)
    • rdacontent
337 -Typ mediów [ , ]
    • a
    • Tryb odtwarzania
    • Bez urządzenia pośredniczącego
    • b
    • Kod typu mediów
    • n
    • 2
    • Źródło (terminu i kodu)
    • rdamedia
338 -Typ/rodzaj nośnika [ , ]
    • a
    • Hasło opisujące typ nośnika
    • Wolumin
    • b
    • Kod typu nośnika
    • nc
    • 2
    • Źródło (terminu i kodu)
    • rdacarrier
490 -Strefa serii i książki wielotomowej - forma nie do wyszukiwania [1, ]
    • a
    • Tytuł (P)
    • Rynek i Pieniądz Find
830 -Hasło dodatkowe serii i opisu książki wielotomowej - tytuł ujednolicony/tytuł [ ,0]
    • a
    • Tytuł ujednolicony/tytuł (NP)
    • Rynek i Pieniądz
    • 9
    • KHW
    • 91106
504 -Uwaga dot. bibliogr. załącznikowej [ , ]
    • a
    • Uwaga dot. bibliografii załącznikowej
    • Bibliogr. s. 105-108.
536 -Uwaga dot. finansowania książki [ , ]
    • a
    • Tekst uwagi
    • Publikacja sponsorowana przez Bank Ochrony Środowiska
080 -Uniwersalna Klasyfikacja Dziesiętna [ , ]
    • a
    • Symbol klasyfikacji
    • 336.711
    • 2
    • Identyfikator wydania tablic
    • UDC-P058
    • 9
    • UKD
    • 3168
    • b
    • Dopowiedzenie
    • Banki narodowe. Banki centralne. Banki emisyjne. Denominacja. Pokrycie w złocie.
080 -Uniwersalna Klasyfikacja Dziesiętna [ , ]
    • a
    • Symbol klasyfikacji
    • 336.748
    • 2
    • Identyfikator wydania tablic
    • UDC-P058
    • 9
    • UKD
    • 3189
    • b
    • Dopowiedzenie
    • Wartość pieniądza. Zmiany wartości. Wahania wartości. Dewaluacja. Reformy monetarne.
650 -Hasło przedmiotowe [ ,7]
    • a
    • Hasło przedmiotowe
    • Banki centralne.
    • 2
    • Źródło terminu
    • kaba
    • 9
    • KHW
    • 102413
650 -Hasło przedmiotowe [ ,7]
    • a
    • Hasło przedmiotowe
    • Polityka pieniężna.
    • 2
    • Źródło terminu
    • kaba
    • 9
    • KHW
    • 124673
980 -Symbol UKD [ , ]
    • a
    • UKD
    • 336.711:336.748
700 -Hasło dodatkowe - nazwa osobowa [1, ]
    • a
    • Nazwa osobowa (NP)
    • Błachnio, Maciej. Find
    • e
    • Określenie rodzaju współpracy
    • Tł.
    • 9
    • KHW
    • 91104
700 -Hasło dodatkowe - nazwa osobowa [1, ]
    • a
    • Nazwa osobowa (NP)
    • Rusiński, Michał. Find
    • e
    • Określenie rodzaju współpracy
    • Tł.
    • 9
    • KHW
    • 21168
710 -Hasło dodatkowe - nazwa ciała zbiorowego [2, ]
    • a
    • Nazwa ciała zbiorowego lub nazwa geograficzna jako pierwszy element (NP)
    • CeDeWu.
    • 4
    • Kod relacji
    • pbl
    • 9
    • KHW
    • 51194
920 -ISBN [ , ]
    • a
    • ISBN
    • 83-87885-11-8 Find
    • q
    • Dopowiedzenie
    • opr. miękka
920 -ISBN [ , ]
    • a
    • ISBN
    • 83-87885-12-6 Find
    • q
    • Dopowiedzenie
    • opr. twarda
Status udost. Numer inwentarzowy Sygnatura Data inwentaryzacji Lokalizacja
-2E.67796 2001-07-17BE
-2T.6118T.61182001-12-10T
-3TM.12851TM.128512016-01-20T